| 000 | 00947nam a22002537a 4500 | ||
|---|---|---|---|
| 005 | 20170124103056.0 | ||
| 010 | _aA-615339 | ||
| 020 | _c65.00 | ||
| 035 | _aA-615339 | ||
| 037 | _bCen Lib/Ret | ||
| 040 |
_aDPL _bHN |
||
| 082 |
_aक _bमटिया |
||
| 100 |
_aमटियानी, शैलेश _974821 |
||
| 245 |
_aनाच जमूरे नाच / _cशैलेश मटियानी |
||
| 246 |
_aNach jamure nach / _bby Shailesh Matiyani |
||
| 260 |
_aइलाहाबाद _bसाहित्य भंडार _c1992 |
||
| 270 |
_bइलाहाबाद _a50, चाहचंद |
||
| 300 |
_a130पृ. _c20सेमी(सजिल्द) |
||
| 650 |
_aहिन्दी साहित्य _974822 |
||
| 650 |
_aहिन्दी -- कहानियाँ _974823 |
||
| 650 |
_aHindi literature _974824 |
||
| 650 |
_aHindi -- Stories _974825 |
||
| 942 |
_2ddc _cHN _hक _mमटिया |
||
| 999 |
_c117479 _d117479 |
||